Forma + estructura: organización del espacio interior (Registro nro. 3035)
[ vista simple ]
| 000 -Cabecera | |
|---|---|
| Campo de control de longitud fija | 00746aam a2200301 4500 |
| 005 - Fecha y hora de la última transacción | |
| Campo de control | 20240524110638.0 |
| 008 - Elementos de longitud fija--Información general | |
| Campo de control de longitud fija | 150624b xxu||||| |||| 00| 0 spa d |
| 020 ## - International Standard Book Number | |
| Número Internacional Estándar del Libro (ISBN) | 9788493588137 |
| 041 ## - Idioma | |
| Código de idioma | Español |
| 082 ## - Clasificación Decimal Dewey | |
| Número de clasificación | 747 B872f |
| 100 ## - Entrada principal--Autor personal | |
| Nombre personal | Brooker, Graeme |
| 9 (RLIN) | 25644 |
| 100 ## - Entrada principal--Autor personal | |
| Nombre personal | Stone, Sally |
| 9 (RLIN) | 25646 |
| 245 ## - Título propiamente dicho | |
| Título | Forma + estructura: organización del espacio interior |
| 260 ## - Pie de imprenta | |
| Lugar de publicación, distribución, etc. | España |
| 260 ## - Pie de imprenta | |
| Nombre del editor, distribuidor, etc. | Promopress |
| 260 ## - Pie de imprenta | |
| Fecha de publicación, distribución, etc. | 2008 |
| 300 ## - Descripción física | |
| Extensión | 176 páginas |
| 650 ## - Materia general | |
| Temática (materia general) | DECORACIÓN DE INTERIORES |
| 650 ## - Materia general | |
| Temática (materia general) | ESTRUCTURAS BÁSICAS |
| 650 ## - Materia general | |
| Temática (materia general) | PLANTA LIBRE |
| 650 ## - Materia general | |
| Temática (materia general) | HABITACIÓN CERRADA |
| 650 ## - Materia general | |
| Temática (materia general) | LUZ |
| 650 ## - Materia general | |
| Temática (materia general) | ENMASCARADO |
| 650 ## - Materia general | |
| Temática (materia general) | ENSAMBLADO |
| 650 ## - Materia general | |
| Temática (materia general) | PLANO |
| 942 ## - Punto de acceso adicional KOHA | |
| Tipo de ítem KOHA | Libro |
| Fuente del sistema de clasificación o colocación | Dewey Decimal Classification |
| Signatura completa | Código de barras | Programa Académico | Tipo de ítem |
|---|---|---|---|
| 747 B872f | 17701 | Dirección de Educación Comunitaria y Asistencia Técnica | Libro |